The saint, the surfer and the CEO: A remarkable story about living your heart's desires (Record no. 273140)

MARC details
000 -LEADER
fixed length control field 00441nam a2200157Ia 4500
005 - DATE AND TIME OF LATEST TRANSACTION
control field 20240626145624.0
008 - FIXED-LENGTH DATA ELEMENTS--GENERAL INFORMATION
fixed length control field 240126s9999 xx 000 0 und d
020 ## - INTERNATIONAL STANDARD BOOK NUMBER
International Standard Book Number 9788190565554
082 ## - DEWEY DECIMAL CLASSIFICATION NUMBER
Classification number 808.83 SHA;1 R
100 ## - MAIN ENTRY--PERSONAL NAME
Personal name Sharma, Robin.
245 #4 - TITLE STATEMENT
Title The saint, the surfer and the CEO: A remarkable story about living your heart's desires
260 ## - PUBLICATION, DISTRIBUTION, ETC. (IMPRINT)
Name of publisher, distributor, etc. Penguin
Place of publication, distribution, etc. Harayana
Date of publication, distribution, etc. 2003
300 ## - PHYSICAL DESCRIPTION
Extent xv, 221
440 ## - SERIES STATEMENT/ADDED ENTRY--TITLE
Title NULL
942 ## - ADDED ENTRY ELEMENTS (KOHA)
Koha item type PESU Books
Holdings
Date last seen Total Checkouts Full call number Accession number Old discount Volume/Issue Number Cost, replacement price Price effective from Category Lost status Damaged status Department Withdrawn status bill no. Permanent Location Current Location Shelving location Entry date Vendor Cost, normal purchase price Grants Currency symbol Conversion rate Discount Discount type
26/01/2024   808.83 SHA;1 R PU526 20 (25/06/1905) 280.00 26/01/2024 PESU Books     Central Library   901 Central Library Central Library Central Library 30/09/2014 K.V.Sreenivasan 350.00 GEN RS 1 70 Rupees

© For any Suggestions or Query, please contact the library staff @ librarian@pes.edu or Phone: +9180 2672 1983/ 2108.